LEADER 02067nam 2200397Ia 450 001 996394828803316 005 20200824132456.0 035 $a(CKB)3810000000007349 035 $a(EEBO)2240874447 035 $a(OCoLC)ocm17345108e 035 $a(OCoLC)17345108 035 $a(EXLCZ)993810000000007349 100 $a19880114d1660 uy | 101 0 $aeng 135 $aurbn||||a|bb| 200 14$aThe temple of lively stones, or, The promised glory of the last days, appearing in the perfect patern of the house in the top of the mountains, established upon the never-failing foundation of apostles and prophets, by Christ the chief corner stone$b[electronic resource] $ebeing a clear description of the true Gospel church with all her officers and ordinances, as the lasting legacy of our ascended Saviour, for the perfecting of his through-spirited virgin spouse, whose principles and precepts so long imprisoned in the papal apostacy, are enlarged and advanced by the good hand of God upon the restraint of /$fTho. Tillam, a prisoner of hope 210 $aLondon $cPrinted for the author$d1660 215 $a[10], 200 [i.e. 400] p 300 $aA call for zeal in Puritan theology at the onset of the Restoration. 300 $aNumerous errors in paging. 300 $aErrata: p. 396. 300 $aReproduction of original in the Cambridge University Library. 330 $aeebo-0021 606 $aDissenters, Religious$zEngland 606 $aTheology, Doctrinal 607 $aGreat Britain$xHistory$yPuritan Revolution, 1642-1660 615 0$aDissenters, Religious 615 0$aTheology, Doctrinal. 700 $aTillam$b Thomas$01005256 801 0$bEAH 801 1$bEAH 801 2$bWaOLN 906 $aBOOK 912 $a996394828803316 996 $aThe temple of lively stones, or, The promised glory of the last days, appearing in the perfect patern of the house in the top of the mountains, established upon the never-failing foundation of apostles and prophets, by Christ the chief corner stone$92354553 997 $aUNISA LEADER 01558nam 2200397 450 001 9910707869203321 005 20161213085408.0 035 $a(CKB)5470000002467865 035 $a(OCoLC)965825475 035 $a(OCoLC)995470000002467865 035 $a(EXLCZ)995470000002467865 100 $a20161213d2007 ua 0 101 0 $aeng 135 $aurmn||||||||| 181 $2rdacontent 182 $2rdamedia 183 $2rdacarrier 200 10$aFraud and abuse safeguards in separate state children's health insurance programs /$fDepartment of Health and Human Services, Office of Inspector General 210 1$a[Washington, D.C.] :$cDepartment of Health and Human Services, Office of Inspector General,$d2007. 215 $a1 online resource (iii, 32 pages) $cillustration 300 $a"March 2007." 300 $a"OEI-06-04-00380." 320 $aIncludes bibliographical references (pages 20-23). 517 3 $aState use of express lane eligibility for Medicaid and Children s Health Insurance Program enrollment 606 $aMedicaid fraud 606 $aChild health insurance$zUnited States$xStates 606 $aFederal aid to child health services$zUnited States$xAuditing 615 0$aMedicaid fraud. 615 0$aChild health insurance$xStates. 615 0$aFederal aid to child health services$xAuditing. 801 0$bGPO 801 1$bGPO 906 $aBOOK 912 $a9910707869203321 996 $aFraud and abuse safeguards in separate state children's health insurance programs$93282466 997 $aUNINA LEADER 01929nam 2200433z- 450 001 9910557737803321 005 20211118 035 $a(CKB)5400000000045965 035 $a(oapen)https://directory.doabooks.org/handle/20.500.12854/74112 035 $a(oapen)doab74112 035 $a(EXLCZ)995400000000045965 100 $a20202111d2020 |y 0 101 0 $aeng 135 $aurmn|---annan 181 $ctxt$2rdacontent 182 $cc$2rdamedia 183 $acr$2rdacarrier 200 00$aOrchid Genomics and Developmental Biology 210 $cFrontiers Media SA$d2020 215 $a1 online resource (179 p.) 311 08$a2-88963-975-4 330 $aThis eBook is a collection of articles from a Frontiers Research Topic. Frontiers Research Topics are very popular trademarks of the Frontiers Journals Series: they are collections of at least ten articles, all centered on a particular subject. With their unique mix of varied contributions from Original Research to Review Articles, Frontiers Research Topics unify the most influential researchers, the latest key findings and historical advances in a hot research area! Find out more on how to host your own Frontiers Research Topic or contribute to one as an author by contacting the Frontiers Editorial Office: frontiersin.org/about/contact 606 $aBotany & plant sciences$2bicssc 606 $aScience: general issues$2bicssc 610 $abiotechnology 610 $adevelopmental biology 610 $aevolution 610 $afunctional genomics 610 $aorchid 615 7$aBotany & plant sciences 615 7$aScience: general issues 700 $aChen$b Jen-Tsung$4edt$01253370 702 $aNargar$b Katharina$4edt 702 $aChen$b Jen-Tsung$4oth 702 $aNargar$b Katharina$4oth 906 $aBOOK 912 $a9910557737803321 996 $aOrchid Genomics and Developmental Biology$93031339 997 $aUNINA